header

American notes for general circulation (Record no. 2897)

MARC details
000 -LEADER
fixed length control field 01448nam a2200325Ia 4500
100 1# - MAIN ENTRY--AUTHOR NAME
Personal name Dickens, Charles,
245 10 - TITLE STATEMENT
Title American notes for general circulation
260 ## - PUBLICATION, DISTRIBUTION, ETC. (IMPRINT)
Place of publication [South Bend, IN] :
Name of publisher Infomotions, Inc. ;
Place of publication [Salt Lake City, Utah] :
Name of publisher Project Gutenburg,
Year of publication 2001.
300 ## - PHYSICAL DESCRIPTION
Number of Pages 179 p.
500 ## - GENERAL NOTE
General note "Preface to the first cheap edition of American notes ... June 22, 1850 ... preface to the Charles Dickens edition ... ."
650 #0 - SUBJECT ADDED ENTRY--TOPICAL TERM
Topical Term Authors, English
856 40 - ELECTRONIC LOCATION AND ACCESS
Uniform Resource Identifier http://site.ebrary.com/lib/rucke/Doc?id=5000590

No items available.

© 2026 Rongo University
Contact us: librarian | system librarian | Rongo university